| 000 | 00580nam a22001577a 4500 | ||
|---|---|---|---|
| 999 |
_c15672 _d15672 |
||
| 008 | 201016b ||||| |||| 00| 0 eng d | ||
| 020 | _a9-71550469-8 (pbk) | ||
| 082 |
_22004 _aDFil 959.97 _bB46 |
||
| 100 |
_aBernad, Miguel A. _942414 |
||
| 245 |
_aThe Great island: _bstudies in the exploration and evangelization of Mindanao/ _cMiguel A. Bernad |
||
| 260 |
_aQuezon City: _bADMU Press, _c ©2004. |
||
| 300 |
_axiii, 305 ages: _billustrations; _c23 cm. |
||
| 500 | _aIncludes bibliographical references and index. | ||
| 650 |
_aMindanao -- History. _942415 |
||
| 942 |
_2ddc _cDFIL |
||